| 000 | 00605nam a2200193 a 4500 | ||
|---|---|---|---|
| 005 | 20140310183441.0 | ||
| 008 | 080521s19uu xx 00 eng d | ||
| 020 | _a9780073397498 | ||
| 050 |
_aLC 4031 _b.Ed385 2008 |
||
| 245 | _aEducating children with exceptionalities 08/09 / | ||
| 250 | _a19th ed. | ||
| 260 |
_aU.S.A : _bMcGraw-Hill, _c2008. |
||
| 300 |
_a201 p. : _bill. ; _c27 cm. |
||
| 521 | _aEDU | ||
| 650 |
_aEducating Children with Exceptionalities _xPeriodicals. |
||
| 650 |
_aChildren with disabilities _xEducation _xUnited States _xPeriodicals. |
||
| 942 |
_cBK _2lcc _kFOR |
||
| 999 |
_c23115 _d23115 |
||